000 00506nam a22001937a 4500
003 CEME
005 20210628204108.0
008 210112b xxu||||| |||| 00| 0 eng d
020 _a9780070700123
040 _cceme
082 _a629.1323 AND
100 _aAnderson, John.D
_91520
245 _aFundamentals of aerodynamics . In si units
250 _a5TH
260 _aNEW DELHI
_bTATA MCGRAW HILL
_c2012
300 _aXXIV, 1034P
650 _aAERODYNAMICS-FUNDAMENTALS.
_968717
942 _cBK
_2ddc
999 _c576204
_d576204